| 000 | 00905nam a2200217Ii 4500 | ||
|---|---|---|---|
| 003 | JO-AjNU | ||
| 008 | 230605s9999||||xx |||||||||||||| ||und|| | ||
| 040 |
_aJO-AjNU _bara _erda _cJO-AjNU |
||
| 041 | _aara | ||
| 050 | 1 | 4 | _aKMM3800.F82.1996 |
| 100 | 3 |
_aفودة ، عبد الحكم, _eauthor _913598 |
|
| 245 | 0 | 0 | _aالإستمرارية والوقتية في الجرائم العمدية : تحليل عملي على ضوء الفقه وقضاء النقض |
| 250 | _aط1 | ||
| 264 | 3 | 1 | _aالاسكندرية : دار المطبوعات الجامعية ، 1996 |
| 300 | _a84ص | ||
| 336 |
_atext _btxt _2rdacontent |
||
| 337 |
_aunmediated _bn _2rdamedia |
||
| 338 |
_avolume _bnc _2rdacarrier |
||
| 490 | 0 | _aالمكتبة القانونية (دار المطبوعات الجامعية) | |
| 650 | 4 |
_aالجريمة والمجرمون -- مصر -- القانون الجنائي -- مصر _913599 |
|
| 999 |
_aA3427 _c6995 _d6995 |
||